| 000 | 01164nam a2200229Ia 4500 | ||
|---|---|---|---|
| 003 | Ost | ||
| 005 | 20260507075134.0 | ||
| 008 | 260507s9999||||xx |||||||||||||| ||und|| | ||
| 020 | _a9647119957 | ||
| 040 | _cfsecg | ||
| 041 | _aara | ||
| 082 | _a330 | ||
| 100 |
_aعريقات، حربي محمد مرسي _eمؤلف |
||
| 245 | 0 |
_aمبادئ الإقتصاد : _bالتحليل الكلي / _c حربي محمد مرسي عريقات |
|
| 260 |
_aعمان: _bدار وائل للنشر والتوزيع, _c2006 |
||
| 300 |
_a332 صفحة؛ _bإيضاحات ؛ _c24 سم |
||
| 520 | _aمدخل الى علم الإقتصاد- حسابات الدخل القومي- نظريات الإستهلاك- تخطيط الإستثمار- نظرية الإدخار- البطالة- التضخم السياسة المالية- النقود- المصارف- التجارة الخارجية- التنمية الإقتصادية والنمو الإقتصادي- التخطيط الإقتصادي- التكامل الإقتصادي. | ||
| 653 | _aالإقتصاد | ||
| 653 | _aالإقتصاد الكلي | ||
| 653 | _aالإقتصاد المالي | ||
| 942 | _cكتاب | ||
| 999 |
_c43244 _d43244 |
||